Statistics for Countries Closest to Madagascar

Click here to take the quiz!

General Stats

  • This quiz has been taken 50 times
  • The average score is 8 of 10

Answer Stats

Distance (km)Country% Correct
1,161South Africa
95%
466Mozambique
92%
974Tanzania
90%
599Comoros
85%
1,066Seychelles
85%
1,343Zambia
85%
1,226Zimbabwe
85%
881Mauritius
82%
1,214Eswatini
74%
933Malawi
72%

Score Distribution

Percentile by Number Answered

Percent of People with Each Score

Your Score History

You have not taken this quiz